000 00304nam a2200133 i 4500
001 bg
100 1 _aSTRAKOSCH, G.
245 0 _aElevators and Escalators /
_cG. Strakosch.
260 _aNowy Jork,
_c1967.
040 _cBPK
041 _apol
942 _cKS
008 s pl f |000 0 pol
999 _c12480
_d12480
856 _uhttp://koha.tu.koszalin.pl/cgi-bin/koha/opac-detail.pl?biblionumber=12480
_yKatalog online BPK